Nord ou Pas-de-Calais ? - Statistiques

Statistiques générales
  • Ce quiz a été pris 90 fois
  • Le résultat moyen est 30 sur 40
Statistiques - réponses
Hint Réponse % Correct
Porte le numéro 59 Nord
100%
A pour préfecture Lille Nord
99%
En septembre, s'y déroule une grande braderie Nord
99%
S'y déroule une célèbre course de motos sur sable Pas-de-Calais
95%
A pour préfecture Arras Pas-de-Calais
95%
Porte le numéro 62 Pas-de-Calais
93%
Compte 2.6 M d'habitants Nord
92%
Est le siège du 3e pôle universitaire de France Nord
89%
On peut y visiter une annexe du Louvre Pas-de-Calais
87%
Le cours d'eau qui arrose sa préfecture est la Deûle Nord
86%
Il doit son nom à un détroit Pas-de-Calais
86%
On peut s'y promener sur les plages de la Côte d'Opale Pas-de-Calais
84%
La commune la plus peuplée n'est pas sa préfecture Pas-de-Calais
84%
Une célèbre course cycliste de printemps y a son arrivée Nord
82%
On peut y visiter le musée de la Piscine Nord
81%
A eu pour chef-lieu Douai Nord
80%
Une de ses sous-préfectures abrite un vaste marais Pas-de-Calais
80%
Sa préfecture est arrosée par le Crinchon Pas-de-Calais
78%
Le général de Gaulle y est né Nord
77%
On y produit du maroilles Nord
77%
Cassel et Bergues ont été ses sous-préfectures Nord
76%
Un célèbre carnaval se déroule dans un de ses ports Nord
76%
Le maréchal Pétain y est né Pas-de-Calais
75%
6.7 % des logements sont des résidences secondaires Pas-de-Calais
73%
Abrite le 1er port de pêche français Pas-de-Calais
71%
Henri Matisse y est né Nord
69%
Sa préfecture a été au centre d'une bataille en 1914 et en 1917 Pas-de-Calais
69%
Il est composé de 7 arrondissements Pas-de-Calais
69%
On produit dans un de ses ports une dentelle réputée Pas-de-Calais
67%
Il est composé de 6 arrondissements Nord
66%
Il est bordé par la Mer du Nord Nord
65%
Il culmine à 272 mètres Nord
61%
Il culmine à 212 mètres Pas-de-Calais
61%
Le siège d'un évêché y a été rasé Pas-de-Calais
61%
Le dernier train de déportés est parti de sa préfecture en septembre 1944 Nord
60%
Sa préfecture a été assiégée en 1792 Nord
49%
Sophie Daumier y est née Pas-de-Calais
47%
A été le théâtre de la 1ère distribution de Légion d'Honneur Pas-de-Calais
39%
Compte 1.5 M d'habitants Pas-de-Calais
34%
1.3 % des logements sont des résidences secondaires Nord
27%
Aucun quiz correspondant
Distribution des résultats
% des personnes avec chaque résultat
Percentile par nombre de réponses
Votre historique - résultats
Vous n’avez pas pris ce quiz